000 00857nam a2200229Ia 4500
005 20250108125014.0
008 008 250107s9999 xx 000 0 hin d
020 _a978-81-94667-9-0
037 _aTB
040 _aCRL
_bhin
_cCRL
041 _ahin
_2hin
084 _aO152,3N43,SK R1
084 _qCRL
100 _aसरस्वती, निरंजनानन्द, ले.
245 0 _aगीता दर्शन: योग सिद्धान्त भाष्य
_cसरस्वती, निरंजनानन्द, ले.
260 _aबिहार, भारत
_bयोग पब्लिकेशन्स ट्रस्ट
_c2974
300 _a217पृ0
365 _aINR
_b400
650 _aदर्शनशास्त्र
942 _cTB
_hO152,3N43,SK R1
999 _c1235362
_d1235362